Report Of The Finance Committee On The Request For Waiver Of Import Duties, Import Vat, GetFund Levy, NHIL, Exim Levy And Domestic Vat Amounting To The Ghana Cedi Equivalent Of Six Million, Three Hundred And Eighty-Nine Thousand, Four Hundred And Twenty-Eight United States Dollars (US$6,389,428) On Materials And Equipment To Be Procured For The Development Of The Meridien Hotel By 4-Mac Limited. (Record no. 4498)

MARC details
000 -LEADER
fixed length control field 00812nam a22001577a 4500
003 - CONTROL NUMBER IDENTIFIER
control field OSt
005 - DATE AND TIME OF LATEST TRANSACTION
control field 20240909153850.0
008 - FIXED-LENGTH DATA ELEMENTS--GENERAL INFORMATION
fixed length control field 240909b |||||||| |||| 00| 0 eng d
041 ## - LANGUAGE CODE
Language code of text/sound track or separate title English
082 ## - DEWEY DECIMAL CLASSIFICATION NUMBER
Classification number CR/LEVY/22 Acc.no. 9909
110 ## - MAIN ENTRY--CORPORATE NAME
Corporate name or jurisdiction name as entry element Parliament Of Ghana
245 ## - TITLE STATEMENT
Title Report Of The Finance Committee On The Request For Waiver Of Import Duties, Import Vat, GetFund Levy, NHIL, Exim Levy And Domestic Vat Amounting To The Ghana Cedi Equivalent Of Six Million, Three Hundred And Eighty-Nine Thousand, Four Hundred And Twenty-Eight United States Dollars (US$6,389,428) On Materials And Equipment To Be Procured For The Development Of The Meridien Hotel By 4-Mac Limited.
260 ## - PUBLICATION, DISTRIBUTION, ETC.
Place of publication, distribution, etc. Accra
Name of publisher, distributor, etc. Parliament Of Ghana
Date of publication, distribution, etc. 2022
650 ## - SUBJECT ADDED ENTRY--TOPICAL TERM
Source of heading or term Development Of The Meridien Hotel By 4-Mac Limited.
942 ## - ADDED ENTRY ELEMENTS (KOHA)
Source of classification or shelving scheme Dewey Decimal Classification
Koha item type Reports
Suppress in OPAC No
Holdings
Withdrawn status Lost status Source of classification or shelving scheme Damaged status Not for loan Home library Current library Shelving location Date acquired Total checkouts Full call number Date last seen Copy number Price effective from Koha item type
    Dewey Decimal Classification     Main Library Main Library Open Shelves 09/09/2024   CR/LEVY/22 Acc.no. 9909 C1 09/09/2024 1 09/09/2024 Reports
    Dewey Decimal Classification     Main Library Main Library Open Shelves 09/09/2024   CR/LEVY/22 Acc.no. 9910 C2 09/09/2024 2 09/09/2024 Reports
©2026  Parliament of Ghana Library - All rights reserved